BUSINESS LAW (Record no. 16263)

MARC details
000 -LEADER
fixed length control field 00274nam a22001337a 4500
003 - CONTROL NUMBER IDENTIFIER
control field SGT
020 ## - INTERNATIONAL STANDARD BOOK NUMBER
International Standard Book Number 9788120347083
082 ## - DEWEY DECIMAL CLASSIFICATION NUMBER
Classification number 346
Item number RAO
100 ## - MAIN ENTRY--PERSONAL NAME
Personal name RAO, PEDDINA MOHANA
245 ## - TITLE STATEMENT
Title BUSINESS LAW
260 ## - PUBLICATION, DISTRIBUTION, ETC. (IMPRINT)
Name of publisher, distributor, etc PHI LEARNING
Year of Publication 2013
300 ## - PAGE DESCRIPTION
No. of Pages 479
942 ## - ADDED ENTRY ELEMENTS (KOHA)
Source of classification or shelving scheme Dewey Decimal Classification
Koha item type Books
942 ## - ADDED ENTRY ELEMENTS (KOHA)
-- 22
Holdings
Withdrawn status Lost status Source of classification or shelving scheme Damaged status Not for loan Collection code Home library Current library Shelving location Date acquired Vendor Name Cost, normal purchase price SGTU Bill Number Total Checkouts Full call number Accession No. (Barcode) Date last seen Date last borrowed Bill Date Koha item type Total Renewals
    Dewey Decimal Classification     COMMERCE MANAGEMENT SGT Science & Social Sciences Library SGT Science & Social Sciences Library Text Book 11/12/2018 KIRTI PRAKASHAN 350.00 SGTU IN1748 8 346 RAO CM4886 18/12/2024 09/12/2024   Books  
    Dewey Decimal Classification     COMMERCE MANAGEMENT SGT Science & Social Sciences Library SGT Science & Social Sciences Library Text Book 11/12/2018 KIRTI PRAKASHAN 350.00 SGTU IN1748 16 346 RAO CM4887 13/01/2025 13/01/2025   Books  
    Dewey Decimal Classification     COMMERCE MANAGEMENT SGT Science & Social Sciences Library SGT Science & Social Sciences Library Text Book 11/12/2018 KIRTI PRAKASHAN 350.00 SGTU IN1748 19 346 RAO CM4888 20/01/2025 04/01/2025   Books 1
    Dewey Decimal Classification     COMMERCE MANAGEMENT SGT Science & Social Sciences Library SGT Science & Social Sciences Library Text Book 11/12/2018 KIRTI PRAKASHAN 350.00 SGTU IN1748 9 346 RAO CM4889 21/04/2023 13/04/2023   Books  
    Dewey Decimal Classification     COMMERCE MANAGEMENT SGT Science & Social Sciences Library SGT Science & Social Sciences Library Text Book 11/12/2018 KIRTI PRAKASHAN 350.00 SGTU IN1748 9 346 RAO CM4890 08/06/2023 06/06/2023   Books